| 000 | 00833nam a2200265 i 4500 | ||
|---|---|---|---|
| 001 | 5905 | ||
| 003 | ES-MaACL | ||
| 005 | 20250805062540.0 | ||
| 007 | t| | ||
| 008 | 890614s1988 sp ||||1| spa d | ||
| 020 | _a84-7658-100-9 | ||
| 080 | _a1 Zambrano, Maria | ||
| 080 | _a130.2 | ||
| 100 | 1 |
_aZambrano, María, _d1904-1991 _9117914 |
|
| 245 | 1 | 0 |
_aPersona y democracia _b: la historia sacrificial / _cMaria Zambrano. |
| 250 | _a1a ed. | ||
| 260 |
_aBarcelona : _bAnthropos, _c1988. |
||
| 300 |
_a167 p. ; _c20 cm. |
||
| 490 | 1 |
_aPensamiento crítico/pensamiento utópico ; _v34 |
|
| 650 | 4 |
_aHistoria- _xFilosofía. _913380 |
|
| 650 | 4 |
_aPolítica- _xFilosofía _916274 |
|
| 830 | 0 |
_aPensamiento crítico/pensamiento utópico ; _v34 _9177290 |
|
| 852 |
_aES-MaACL _jL-13017 _bR.115958 _z. - rust. |
||
| 999 |
_c5905 _d5905 |
||